| 000 | 00926cam a22003014a 4500 | ||
|---|---|---|---|
| 001 | 13803278 | ||
| 005 | 20180313053153.0 | ||
| 008 | 041201s2006 ohua b 001 0 eng | ||
| 010 | _a 2004117232 | ||
| 020 | _a0324320892 (pkg. : text, audio CD, Info Trac) | ||
| 020 | _a0324320906 (text only) | ||
| 020 | _a0324335873 (text & Info Trac) | ||
| 020 | _a0324335865 (text only) | ||
| 020 | _a0324206127 (audio CD) | ||
| 040 |
_aDLC _cDLC _dDLC |
||
| 041 | _aeng | ||
| 042 | _apcc | ||
| 080 | _a658 BOO | ||
| 082 | 0 | 0 |
_a658 BOO _222 |
| 100 | 1 | _a57 | |
| 101 | _aBIZ | ||
| 245 | 1 | 0 |
_aContemporary business 2006 / _cLouis E. Boone, David L. Kurtz. |
| 504 | _aIncludes bibliographical references and indexes. | ||
| 740 | 0 | 2 | _aAudio chapter reviews. |
| 906 |
_a7 _bcbc _corignew _d2 _eepcn _f20 _gy-gencatlg |
||
| 942 |
_2ddc _cBK |
||
| 999 |
_c44855 _d44855 |
||